Rozpoznaj film po kadrze #5 - Statystyki

Ogólne statystyki
  • Ten quiz został rozwiązany 77 razy
  • Średni wynik to 7 z 20
Statystyki odpowiedzi
Obrazkowy Odpowiedź % Poprawnych
Gladiator
92%
Kraina lodu
72%
Rocky
69%
Shrek 2
69%
Dwunastu gniewnych ludzi
48%
Szósty zmysł
41%
Kapitan Phillips
36%
Mechanik
30%
Duma i uprzedzenie
28%
W pogoni za szczęściem
28%
American Beauty
21%
Iluzjonista
21%
Trzy billboardy za Ebbing, Missouri
21%
Misery
20%
Siedmiu wspaniałych
20%
Amator
15%
Hair
15%
Casino Royale
7%
Twardowsky
7%
Porachunki
3%
Nie znaleziono quizów pasujących do podanych kryteriów
Rozkład punktacji
Procent ludzi z każdym wynikiem
Percentyl według liczby udzielonych odpowiedzi
Twoja historia wyników
Nie rozwiązałeś tego quizu